| 000 | 00517nam a2200169Ia 4500 | ||
|---|---|---|---|
| 003 | OSt | ||
| 005 | 20201221141337.0 | ||
| 008 | 190216s9999||||xx |||||||||||||| ||und|| | ||
| 040 | _coclc | ||
| 082 |
_a894.8121 _bNAM/B |
||
| 100 |
_aNamboodiri, Akkitham Achutan _96912 |
||
| 245 | 0 |
_aBalidarshanam / _cAkkitham Achutan Namboodiri |
|
| 260 |
_bP K Brothers, _c1997. _aCalicut university: |
||
| 300 | _a79p | ||
| 650 | _aMalayalam Kavitha | ||
| 942 |
_cBK _2ddc _h894.8121 _iNAM/B _k894.8121 _mNAM/B |
||
| 999 |
_c27619 _d27619 |
||